Statistics for Hepsi (Grup) - Üç Kalp (Şarkı Sözleri)

Click here to take the quiz!

General Stats

  • This quiz has been taken 160 times
  • The average score is 20 of 26

Answer Stats

SöyleyenlerŞarkı Sözleri% Correct
YasemineeKarar ver artık, kimi daha çok {sev}diğine
98%
Cemre{Kalb}inde kim var, o mu yoksa ben miyim?
94%
Erenİki kişi seven iki defa {öl}ürmüş
83%
Gülçinİki kişi seven iki defa {öl}ürmüş
83%
ErenBilmek isterim, {yol}umu çizeyim
81%
CemreO da {üzgün}, yapma, herkes de {üzgün}
78%
CemreO da {üzgün}, yapma, herkes de {üzgün}
78%
CemreO da {üzgün}, yapma, herkes de {üzgün}
78%
CemreSen de {üzgün}sün bu hayattan, hem de nasıl
78%
GülçinCemreAh sen {üzgün}, Ah ben {üzgün}
78%
GülçinCemreAh sen {üzgün}, Ah ben {üzgün}
78%
GülçinCemreAh sen {üzgün}, Ah ben {üzgün}
78%
GülçinErenAh sen {üzgün}, Ah ben {üzgün}
78%
GülçinO da {üzgün}, yapma, herkes çok {üzgün}
78%
YaseminCemreAh sen {üzgün}, Ah ben {üzgün}
78%
YaseminErenAh sen {üzgün}, Ah ben {üzgün}
78%
YaseminO da {üzgün}, yapma, herkes çok {üzgün}
78%
YaseminO da {üzgün}, yapma, herkes çok {üzgün}
78%
YaseminSen de {üzgün}sün bu hayattan, hem de nasıl
78%
CemreBir kalpte iki kalp nasıl {yaş}anır?
77%
YaseminBir kalpte iki kalp nasıl {yaş}anır?
77%
CemreNe biçim {sevgi}, üç kalp bir arada
73%
Eren{Kararsız} olma, sen üzme herkesi
73%
GülçinGörülmemiştir böyle {aşk} inan dünyada
73%
Cemre{Göz}ler beni arar, kalbin onu düşünür
66%
Gülçin{Tercih} yap, sonra üç kalp birden ölür
54%

Score Distribution

Percentile by Number Answered

Percent of People with Each Score

Your Score History

You have not taken this quiz